Household Finance and Consumption Survey (HFCS) in Czechia
Prieskum financií a spotreby domácností (HFCS) je prieskum zameraný najmä na mapovanie finančnej a majetkovej situácie domácností. V Českej republike sa prieskum vykonáva každoročne od roku 2020 pod názvom Finanční situace domácností (FSD). Článok sa zameriava na implementáciu prieskumu v českom pro...
Salvato in:
| Autore principale: | |
|---|---|
| Altri autori: | , |
| Natura: | Capitolo di libro |
| Lingua: | inglese |
| Soggetti: | |
| Tags: |
Nessun Tag, puoi essere il primo ad aggiungerne!!
|
MARC
| LEADER | 00000naa a2200000 4500 | ||
|---|---|---|---|
| 001 | 0308298 | ||
| 005 | 20250425131304.4 | ||
| 041 | 0 | |a eng | |
| 044 | |a CZ | ||
| 245 | 1 | 0 | |a Household Finance and Consumption Survey (HFCS) in Czechia |c Jiří Vopravil, Táňa Dvornáková, Barbora Linhartová Jiřičková |
| 520 | |a Prieskum financií a spotreby domácností (HFCS) je prieskum zameraný najmä na mapovanie finančnej a majetkovej situácie domácností. V Českej republike sa prieskum vykonáva každoročne od roku 2020 pod názvom Finanční situace domácností (FSD). Článok sa zameriava na implementáciu prieskumu v českom prostredí, pričom opisuje najmä spoluprácu medzi Českým štatistickým úradom a Českou národnou bankou. Osobitná pozornosť sa venuje metodologickému aspektu FSD, ako aj hlavným výsledkom prieskumu, predovšetkým ukazovateľu čistého bohatstva. Integrácia FSD do zisťovania EU-SILC (Európska únia – Štatistika príjmov a životných podmienok) umožňuje každoročný zber údajov a publikovanie hlavných výsledkov, ako aj zníženie zaťaženia respondentov. | ||
| 610 | 2 | 0 | |a spotreba domácností |
| 610 | 2 | 0 | |a príjmy |
| 610 | 2 | 0 | |a podmienky životné |
| 610 | 2 | 0 | |a financie |
| 610 | 2 | 0 | |a domácnosti |
| 610 | 2 | 0 | |a prieskum |
| 610 | 2 | 0 | |a Česko |
| 100 | 1 | |a Vopravil, Jiří | |
| 700 | 1 | |a Dvornáková, Táňa | |
| 700 | 1 | |a Linhartová Jiřičková, Barbora | |